Théologie : Les 7 dons de l'Esprit Saint - Statistiques

Statistiques générales
  • Ce quiz a été pris 51 fois
  • Le résultat moyen est 4 sur 7
Statistiques - réponses
Dons du Saint Esprit % Correct
Piété / Affection filiale / Amour Filial / Dévotion
82%
Sagesse
74%
Force (d'âme) / Vaillance / Courage / Persévérance
68%
Intelligence
66%
Science / Connaissance / Savoir
55%
Crainte (de Dieu) / Respect
53%
Conseil / Discernement
50%
Aucun quiz correspondant
Distribution des résultats
% des personnes avec chaque résultat
Percentile par nombre de réponses
Votre historique - résultats
Vous n’avez pas pris ce quiz